Summer Walker Charting Songs (Billboard Hot Rap / R&B) - Statistics

General Stats
  • This quiz has been taken 13 times
  • The average score is 19 of 34
Answer Stats
Album Weeks On Peak Artist(s) Song % Correct
Still Over It 12 Weeks #12 Summer Walker ft. JT Ex for a Reason
92%
Last Day of Summer and Over It 20 Weeks #16 Summer Walker & Drake Girls Need Love
92%
Over It 3 Weeks #29 Summer Walker ft. Jhene Aiko I'll Kill You
92%
Over It 21 Weeks #9 Summer Walker Playing Games
92%
Over It 20 Weeks #23 Summer Walker & Usher Come Thru
83%
Still Over It 23 Weeks #5 Summer Walker & SZA No Love
83%
Over It 1 Week #36 Summer Walker Body
67%
Still Over It 1 Week #18 Summer Walker Constant Bullshit
67%
Still Over It 3 Weeks #16 Summer Walker ft. Lil Durk Toxic
67%
Still Over It 3 Weeks #17 Summer Walker & Ari Lennox Unloyal
67%
Still Over It 4 Weeks #9 Summer Walker & Cardi B Bitter
58%
Still Over It 1 Week #49 Summer Walker & Ciara Ciara's Prayer
58%
Still Over It 4 Weeks #20 Summer Walker Insane
58%
Mr. Morale & the Big Steppers 3 Weeks #14 Kendrick Lamar, Summer Walker & Ghostface Killah Purple Hearts
58%
Still Over It 2 Weeks #15 Summer Walker Reciprocate
58%
Still Over It 1 Week #32 Summer Walker Session 33
58%
Still Over It 1 Week #27 Summer Walker Switch a Nigga Out
58%
Still Over It 2 Weeks #14 Summer Walker Throw It Away
58%
Still Over It 1 Week #22 Summer Walker Circus
50%
Still Over It 1 Week #36 Summer Walker, Pharrell Williams & The Neptunes Dat Right There
50%
Over It 1 Week #40 Summer Walker Over It
50%
Over It 1 Week #46 Summer Walker Potential
50%
Still Over It 1 Week #33 Summer Walker & Omarion Screwin
50%
Over It 1 Week #33 Summer Walker ft. A Boogie wit da Hoodie Stretch You Out
50%
Still Over It 1 Week #35 Summer Walker Broken Promises
42%
Still Over It 1 Week #19 Summer Walker You Don't Know Me
42%
Still Over It 1 Week #24 Summer Walker 4th Baby Mama
33%
Still Over It 1 Week #28 Summer Walker Closure
33%
Poetic Pain 7 Weeks #44 Toosii & Summer Walker Love Cycle
33%
Life on Earth EP 1 Week #45 Summer Walker & PARTYNEXTDOOR My Affection
33%
Port of Miami 2 1 Week #47 Rick Ross ft. Summer Walker Summer Reign
33%
7220 2 Weeks #27 Lil Durk ft. Summer Walker Difference Is
25%
Life on Earth EP 1 Week #44 Summer Walker Let It Go
17%
Over It 1 Week #39 Summer Walker Drunk Dialing...LODT
8%
No matching quizzes found
Score Distribution
Percent of People with Each Score
Percentile by Number Answered
Your Score History
You have not taken this quiz